[Event "K41 Efteraars EMT Basis 2 2007"]
[Site "Valby"]
[Date "2007.09.11"]
[Round "1"]
[White "Eiholt, Bjarne"]
[Black "Krogh, Soren"]
[Result "1-0"]
[WhiteElo "1349"]
[BlackElo "1152"]
[PlyCount "63"]
[EventDate "2007.??.??"]

1. d4 e6 2. c4 b6 3. Nc3 Bb7 4. d5 Bc5 5. e4 Qh4 6. Nh3 Ne7 7. Qf3 Qf6 8. Qe2
Na6 9. Bg5 Qg6 10. g3 O-O-O 11. Bg2 Rhf8 12. Nb5 f6 13. Bd2 h5 14. O-O e5 15.
a3 Qh7 16. Bc3 Ng6 17. b4 Be7 18. Rfd1 d6 19. Nxa7+ Kb8 20. Nc6+ Bxc6 21. dxc6
Kc8 22. c5 Nb8 23. cxb6 Nxc6 24. Rac1 Kd7 25. Bb2 Rb8 26. bxc7 Rb6 27. Qe3 Rb7
28. Bf1 Ra8 29. b5 Nd4 30. Qc3 Kc8 31. Bc4 Rxc7 32. Rxd4 1-0

[Event "K41 Efteraars EMT Basis 2 2007"]
[Site "Valby"]
[Date "2007.09.11"]
[Round "1"]
[White "Gjelstrup, Ole"]
[Black "Jensen, Jan Kargaard"]
[Result "1-0"]
[WhiteElo "1321"]
[BlackElo "1677"]
[PlyCount "117"]
[EventDate "2007.??.??"]

1. d4 Nf6 2. Nf3 e6 3. e3 b6 4. Bd3 Bb7 5. Nbd2 d5 6. b3 Nbd7 7. Bb2 Bd6 8. Qe2
O-O 9. O-O c5 10. Ne5 Qc7 11. f4 Ne4 12. Ndf3 f6 13. Nxd7 Qxd7 14. c4 cxd4 15.
Bxd4 Qe7 16. Nh4 g6 17. Qg4 f5 18. Qh3 e5 19. Bb2 exf4 20. exf4 Bc5+ 21. Kh1
Nf2+ 22. Rxf2 Bxf2 23. Nxg6 hxg6 24. Qh8+ Kf7 25. Qg7+ Ke8 26. Qxg6+ Qf7 27.
Qh6 d4 28. c5 Rg8 29. Bb5+ Kd8 30. c6 Qg6 31. Qxg6 Rxg6 32. cxb7 Rb8 33. Rd1
Kc7 34. Bxd4 Bxd4 35. Rxd4 Rd6 36. Rd3 Rxd3 37. Bxd3 Rd8 38. Be2 Kxb7 39. Kg1
Rd2 40. Bf3+ Kc7 41. a4 a5 42. h3 Kd6 43. g4 Rd3 44. Kg2 Rxb3 45. g5 b5 46. g6
Ke7 47. Bd5 bxa4 48. g7 Rb8 49. g8=Q Rxg8+ 50. Bxg8 Kf6 51. Kg3 Kg6 52. Kh4 a3
53. Bc4 Kh6 54. Kg3 Kh5 55. Kf3 Kh4 56. Ke3 Kxh3 57. Kd4 Kg3 58. Ke5 Kf3 59.
Kxf5 1-0

[Event "K41 Efteraars EMT Basis 2 2007"]
[Site "Valby"]
[Date "2007.09.11"]
[Round "1"]
[White "Jorgensen, Orla Eilegaard"]
[Black "Pedersen, Egmont"]
[Result "1-0"]
[WhiteElo "1530"]
[BlackElo "1243"]
[PlyCount "67"]
[EventDate "2007.??.??"]

1. c4 Nf6 2. Nf3 c5 3. g3 b6 4. Bg2 Bb7 5. Nc3 e6 6. d3 d5 7. cxd5 exd5 8. Bg5
Be7 9. O-O d4 10. Bxf6 Bxf6 11. Ne4 O-O 12. Ned2 Nd7 13. Re1 Re8 14. Rc1 Rc8
15. Qa4 a6 16. b4 b5 17. Qb3 Qe7 18. bxc5 Nxc5 19. Qb4 Qf8 20. Nxd4 Bxg2 21.
Kxg2 Bxd4 22. Qxd4 Red8 23. Qb4 Ne6 24. Qa5 Ra8 25. a4 bxa4 26. Qxa4 Rdc8 27.
Nc4 Qd8 28. Rb1 Rcb8 29. Ne5 Rc8 30. Kg1 a5 31. Nc4 Nc5 32. Qa3 Ra6 33. Rb5 Qc7
34. Rxa5 1-0

[Event "K41 Efteraars EMT Basis 2 2007"]
[Site "Valby"]
[Date "2007.09.11"]
[Round "1"]
[White "Kristensen, Steffen Michael"]
[Black "Jacobsen, Mads Holger Bang"]
[Result "0-1"]
[WhiteElo "1214"]
[BlackElo "1518"]
[PlyCount "62"]
[EventDate "2007.??.??"]

1. e4 c5 2. Nf3 e6 3. d4 cxd4 4. Nxd4 Nc6 5. Nxc6 bxc6 6. Bd3 d5 7. exd5 cxd5
8. Bb5+ Bd7 9. Bxd7+ Qxd7 10. O-O Nf6 11. Qf3 Bd6 12. Bg5 Ne4 13. Be3 Qc7 14.
g3 Qxc2 15. Na3 Qxb2 16. Nc4 Qf6 17. Qxf6 gxf6 18. Nxd6+ Nxd6 19. Bc5 Kd7 20.
Rfd1 Rhc8 21. Rac1 Ne4 22. Be3 Rxc1 23. Rxc1 a6 24. Bb6 Rc8 25. Rxc8 Kxc8 26.
a3 Kb7 27. Ba5 Kc6 28. f3 Nd6 29. Kf2 Kb5 30. Bb4 Nc4 31. Ke2 Ka4 0-1

[Event "K41 Efteraars EMT Basis 2 2007"]
[Site "Valby"]
[Date "2007.09.11"]
[Round "1"]
[White "Lichtenberg, Ivan"]
[Black "Jorgensen, Rasmus"]
[Result "0-1"]
[WhiteElo "1244"]
[BlackElo "1548"]
[PlyCount "46"]
[EventDate "2007.??.??"]

1. e4 c6 2. d4 g6 3. Nc3 Bg7 4. Be3 d6 5. h3 Nf6 6. Qd2 Nbd7 7. O-O-O Qc7 8. f4
b5 9. a3 a5 10. Bd3 b4 11. axb4 axb4 12. Nb1 O-O 13. e5 Nd5 14. Nf3 Ba6 15. g4
Bxd3 16. Qxd3 b3 17. c3 N7b6 18. h4 Nc4 19. Bf2 Nxb2 20. Qe4 Nxd1 21. Kxd1 Ra1
22. Kd2 Qa5 23. Qd3 Qa2+ 0-1

[Event "K41 Efteraars EMT Basis 2 2007"]
[Site "Valby"]
[Date "2007.09.11"]
[Round "1"]
[White "Nielsen, Soren Skovso"]
[Black "Mikkelsen, Henning Peter"]
[Result "1-0"]
[WhiteElo "1579"]
[BlackElo "1264"]
[PlyCount "77"]
[EventDate "2007.??.??"]

1. Nf3 Nf6 2. b3 g6 3. Bb2 Bg7 4. e4 d6 5. d3 e5 6. Nbd2 O-O 7. c3 Nbd7 8. Qc2
c6 9. d4 Re8 10. Be2 a5 11. O-O Nb6 12. dxe5 dxe5 13. Rad1 Qc7 14. a4 Nbd7 15.
Nc4 h6 16. Ba3 c5 17. Nd6 Re7 18. Bb5 b6 19. Nxc8 Rxc8 20. Rd2 Nf8 21. Rfd1 Ne6
22. Rd6 Ng5 23. Nxg5 hxg5 24. Bc1 Nh7 25. Bc4 Bf6 26. Qe2 Kg7 27. Qg4 Rf8 28.
Be3 Qb8 29. h3 Rc7 30. Qe2 Be7 31. R6d5 Rc6 32. R5d2 f5 33. exf5 gxf5 34. Rd7
Rc7 35. Qh5 f4 36. Bc1 Qa7 37. Bd3 Rh8 38. Qg6+ Kf8 39. Bc4 1-0

[Event "K41 Efteraars EMT Basis 2 2007"]
[Site "Valby"]
[Date "2007.09.18"]
[Round "2"]
[White "Gjelstrup, Ole"]
[Black "Jorgensen, Orla Eilegaard"]
[Result "1-0"]
[WhiteElo "1321"]
[BlackElo "1530"]
[PlyCount "65"]
[EventDate "2007.??.??"]

1. d4 d6 2. Nf3 Nf6 3. Bg5 Nbd7 4. Nc3 g6 5. e4 e5 6. Qd2 Bg7 7. Bc4 O-O 8. h4
Nb6 9. Bb3 h5 10. dxe5 dxe5 11. Qxd8 Rxd8 12. Nxe5 Be6 13. Bxe6 fxe6 14. Nxg6
Rd4 15. f3 Nfd7 16. Nf4 Rb4 17. Nxe6 Bh8 18. O-O-O c6 19. Rhe1 a5 20. Be3 a4
21. a3 Rc4 22. Bd4 Be5 23. Bxe5 Nxe5 24. Rd8+ Rxd8 25. Nxd8 Ng6 26. g3 Ne5 27.
f4 Nf3 28. Re3 Nd4 29. Nxb7 Kg7 30. Rd3 Ne6 31. Rd6 Nd4 32. Nd8 Nc8 33. Rxd4
1-0

[Event "K41 Efteraars EMT Basis 2 2007"]
[Site "Valby"]
[Date "2007.09.18"]
[Round "2"]
[White "Jacobsen, Mads Holger Bang"]
[Black "Nielsen, Soren Skovso"]
[Result "0-1"]
[WhiteElo "1518"]
[BlackElo "1579"]
[PlyCount "52"]
[EventDate "2007.??.??"]

1. d4 Nf6 2. c4 e6 3. Nc3 Bb4 4. Qc2 c5 5. dxc5 Bxc5 6. e3 Nc6 7. Nf3 b6 8. Be2
Bb7 9. a3 d5 10. O-O O-O 11. b4 Be7 12. Rd1 Qc8 13. cxd5 exd5 14. Nxd5 Nxd5 15.
Rxd5 Nxb4 16. Qxc8 Raxc8 17. Rd7 Bf6 18. Rb1 Be4 19. Rxb4 Rxc1+ 20. Bf1 Bf5 21.
Rxa7 Bd3 22. Nd2 Bc3 23. Rb3 Bf5 24. Rb5 Be6 25. Ne4 Bc4 26. Nxc3 Rxf1# 0-1

[Event "K41 Efteraars EMT Basis 2 2007"]
[Site "Valby"]
[Date "2007.09.18"]
[Round "2"]
[White "Jensen, Jan Kargaard"]
[Black "Pedersen, Egmont"]
[Result "1-0"]
[WhiteElo "1677"]
[BlackElo "1243"]
[PlyCount "31"]
[EventDate "2007.??.??"]

1. d4 d5 2. Bf4 e6 3. Nf3 Nf6 4. e3 Be7 5. Bd3 Nbd7 6. Nbd2 b6 7. h3 Bb7 8. O-O
O-O 9. Qe2 a6 10. Ne5 c5 11. c3 c4 12. Bc2 Ne4 13. Bxe4 dxe4 14. Ndxc4 b5 15.
Nxd7 Qxd7 16. Nb6 1-0

[Event "K41 Efteraars EMT Basis 2 2007"]
[Site "Valby"]
[Date "2007.09.18"]
[Round "2"]
[White "Jorgensen, Rasmus"]
[Black "Eiholt, Bjarne"]
[Result "1-0"]
[WhiteElo "1548"]
[BlackElo "1349"]
[PlyCount "39"]
[EventDate "2007.??.??"]

1. Nf3 c6 2. g3 d5 3. d4 Nf6 4. Bg2 e6 5. c4 Be7 6. O-O O-O 7. Nc3 dxc4 8. a4
Qa5 9. Ne5 Nbd7 10. Nxc4 Qd8 11. a5 Nd5 12. e4 Nb4 13. Be3 Nf6 14. Qe2 Re8 15.
Rfd1 Bd7 16. Rd2 Bf8 17. Rad1 Qc8 18. Bg5 e5 19. dxe5 Bg4 20. f3 1-0

[Event "K41 Efteraars EMT Basis 2 2007"]
[Site "Valby"]
[Date "2007.09.18"]
[Round "2"]
[White "Krogh, Soren"]
[Black "Lichtenberg, Ivan"]
[Result "0-1"]
[WhiteElo "1152"]
[BlackElo "1244"]
[PlyCount "68"]
[EventDate "2007.??.??"]

1. b3 e5 2. Bb2 d6 3. e3 Nf6 4. f4 exf4 5. exf4 Be7 6. Nf3 O-O 7. Be2 b6 8. O-O
Bb7 9. d3 c5 10. Na3 Nbd7 11. Qe1 a6 12. Qg3 Qc7 13. Nh4 Ne8 14. Nf5 Ndf6 15.
h4 Bc8 16. Ne3 d5 17. h5 d4 18. Nec4 Nd6 19. Ne5 Nf5 20. Qh2 Ne3 21. Rf2 Nfg4
22. Bxg4 Bxg4 23. Bc1 f6 24. Nec4 Nf5 25. Bd2 b5 26. Ba5 Qc6 27. Nd2 Ne3 28.
Ne4 Bf5 29. Ng3 Bd7 30. Qh4 Rae8 31. h6 f5 32. Qh5 g6 33. Qe2 Bh4 34. Rf3 Nc4
0-1

[Event "K41 Efteraars EMT Basis 2 2007"]
[Site "Valby"]
[Date "2007.09.18"]
[Round "2"]
[White "Mikkelsen, Henning Peter"]
[Black "Kristensen, Steffen Michael"]
[Result "1/2-1/2"]
[WhiteElo "1264"]
[BlackElo "1214"]
[PlyCount "32"]
[EventDate "2007.??.??"]

1. d4 Nf6 2. c4 g6 3. Nc3 Bg7 4. e4 d6 5. Nf3 O-O 6. Qc2 Nc6 7. a3 Bg4 8. Be3
a5 9. Be2 Qc8 10. O-O Bxf3 11. Bxf3 Nd7 12. Rad1 Nb6 13. Nb5 e6 14. b3 Na7 15.
Nc3 Nc6 16. Ne2 Ne7 1/2-1/2

[Event "K41 Efteraars EMT Basis 2 2007"]
[Site "Valby"]
[Date "2007.09.25"]
[Round "3"]
[White "Eiholt, Bjarne"]
[Black "Gjelstrup, Ole"]
[Result "1-0"]
[WhiteElo "1349"]
[BlackElo "1321"]
[PlyCount "47"]
[EventDate "2007.??.??"]

1. d4 d5 2. c4 e6 3. Nc3 c5 4. cxd5 exd5 5. Nf3 Nc6 6. e3 Nf6 7. g3 Bg4 8. Bg2
Be7 9. Ne2 O-O 10. O-O cxd4 11. exd4 Qb6 12. b3 Rfe8 13. Bb2 Rad8 14. Ne5 Bxe2
15. Qxe2 Nxd4 16. Qd1 Nc6 17. Rc1 Nxe5 18. Bxe5 Ne4 19. Bc7 Qf6 20. Bxd8 Bxd8
21. Bxe4 dxe4 22. Qd7 Re6 23. Rc8 Rd6 24. Qe8# 1-0

[Event "K41 Efteraars EMT Basis 2 2007"]
[Site "Valby"]
[Date "2007.09.25"]
[Round "3"]
[White "Jorgensen, Orla Eilegaard"]
[Black "Jacobsen, Mads Holger Bang"]
[Result "0-1"]
[WhiteElo "1530"]
[BlackElo "1518"]
[PlyCount "122"]
[EventDate "2007.??.??"]

1. c4 Nf6 2. Nc3 g6 3. g3 Bg7 4. Bg2 d6 5. d4 O-O 6. Nf3 c5 7. e3 Na6 8. O-O
Rb8 9. Re1 Bg4 10. a3 Nc7 11. b4 cxb4 12. axb4 a6 13. Qc2 Qd7 14. Bb2 Bh3 15.
Bh1 h6 16. Ne4 Nxe4 17. Qxe4 Bf5 18. Ne5 dxe5 19. Qf3 Bg4 20. Qe4 Qf5 21. Qg2
Bh3 22. Qf3 exd4 23. exd4 Qxf3 24. Bxf3 Be6 25. Rac1 Rfd8 26. Red1 h5 27. h4
Bg4 28. Bxg4 hxg4 29. Bc3 Ne6 30. d5 Bxc3 31. Rxc3 Ng7 32. Re3 e6 33. d6 Nf5
34. Red3 Rbc8 35. c5 Rc6 36. Kg2 b6 37. f3 gxf3+ 38. Kxf3 bxc5 39. bxc5 Rxc5
40. d7 Kf8 41. Rb1 Rd5 42. Rxd5 exd5 43. g4 Nxh4+ 44. Kg3 g5 45. Rb6 Rxd7 46.
Kf2 d4 47. Ke2 Ke7 48. Rxa6 Ng6 49. Kd3 Ne5+ 50. Ke4 Nxg4 51. Kd3 f5 52. Ke2
Rd6 53. Ra5 Ke6 54. Kd3 Ne5+ 55. Ke2 f4 56. Kf2 d3 57. Ke1 f3 58. Kf2 d2 59.
Ke3 Kf5 60. Kf2 g4 61. Ke3 d1=N# 0-1

[Event "K41 Efteraars EMT Basis 2 2007"]
[Site "Valby"]
[Date "2007.09.25"]
[Round "3"]
[White "Kristensen, Steffen Michael"]
[Black "Krogh, Soren"]
[Result "1-0"]
[WhiteElo "1214"]
[BlackElo "1152"]
[PlyCount "75"]
[EventDate "2007.??.??"]

1. Nf3 Nf6 2. d4 g6 3. g3 Bg7 4. Bg2 O-O 5. O-O d6 6. c4 c6 7. Nc3 Bf5 8. Nh4
Bd7 9. Bg5 Qc7 10. Qc1 e5 11. d5 Na6 12. Bh6 Ng4 13. Bxg7 Kxg7 14. Qg5 f6 15.
Qd2 Rad8 16. a3 Nc5 17. Qc2 a5 18. dxc6 bxc6 19. Ne4 Ne6 20. Qd2 Be8 21. Bh3 f5
22. Bxg4 fxg4 23. Ng5 Nd4 24. Qxd4 Qe7 25. Qe3 h6 26. Ne4 g5 27. Ng2 Qf7 28.
Nxg5 Qf5 29. Ne4 Qh5 30. Nh4 Bf7 31. b3 Be6 32. Rad1 d5 33. cxd5 cxd5 34. Nc5
Bg8 35. Nd3 e4 36. Qd4+ Rf6 37. Nf4 Qe8 38. Rc1 1-0

[Event "K41 Efteraars EMT Basis 2 2007"]
[Site "Valby"]
[Date "2007.09.25"]
[Round "3"]
[White "Lichtenberg, Ivan"]
[Black "Jensen, Jan Kargaard"]
[Result "0-1"]
[WhiteElo "1244"]
[BlackElo "1677"]
[PlyCount "42"]
[EventDate "2007.??.??"]

1. e4 c5 2. Nf3 d6 3. d4 cxd4 4. Nxd4 Nf6 5. Nc3 a6 6. h3 b5 7. Bd3 Bb7 8. f3
Nbd7 9. a3 e6 10. Bg5 Qc7 11. O-O d5 12. exd5 Nxd5 13. Nxd5 Bxd5 14. c3 Bc5 15.
Bc2 O-O 16. Kh1 Qg3 17. Qd3 g6 18. Be3 Bd6 19. Kg1 Qh2+ 20. Kf2 Bg3+ 21. Ke2
Bc4 0-1

[Event "K41 Efteraars EMT Basis 2 2007"]
[Site "Valby"]
[Date "2007.09.25"]
[Round "3"]
[White "Nielsen, Soren Skovso"]
[Black "Jorgensen, Rasmus"]
[Result "0-1"]
[WhiteElo "1579"]
[BlackElo "1548"]
[PlyCount "66"]
[EventDate "2007.??.??"]

1. d4 g6 2. c4 Bg7 3. Nf3 Nf6 4. Nc3 O-O 5. e3 c5 6. Be2 cxd4 7. exd4 d5 8. O-O
Nc6 9. Re1 Bf5 10. Be3 Rc8 11. Ne5 dxc4 12. Nxc4 Nb4 13. Rc1 Nbd5 14. Bg5 Nxc3
15. bxc3 Ne4 16. Bf4 b5 17. Bd3 Nxc3 18. Rxc3 Bxd3 19. Rxd3 bxc4 20. Rde3 Bxd4
21. Rxe7 Qb6 22. Qf3 c3 23. Bh6 Bg7 24. Be3 Qc6 25. Qxc6 Rxc6 26. Bc1 a6 27. g3
Bf6 28. R7e4 Kg7 29. h4 h5 30. Kg2 Rd8 31. Kf1 Rd5 32. Kg2 c2 33. Kf1 Bc3 0-1

[Event "K41 Efteraars EMT Basis 2 2007"]
[Site "Valby"]
[Date "2007.09.25"]
[Round "3"]
[White "Pedersen, Egmont"]
[Black "Mikkelsen, Henning Peter"]
[Result "0-1"]
[WhiteElo "1243"]
[BlackElo "1264"]
[PlyCount "40"]
[EventDate "2007.??.??"]

1. Nf3 f5 2. d4 Nf6 3. c4 e6 4. a3 d6 5. Nc3 Be7 6. g3 O-O 7. Bg5 Nbd7 8. e3 a6
9. b4 b6 10. Bg2 Bb7 11. O-O Qe8 12. Rc1 Rb8 13. Ne1 Qg6 14. Bxf6 Nxf6 15. Bxb7
Rxb7 16. Qf3 Ne4 17. Qd1 f4 18. exf4 Rxf4 19. Ng2 Rf7 20. Nf4 Rxf4 0-1

[Event "K41 Efteraars EMT Basis 2 2007"]
[Site "Valby"]
[Date "2007.10.02"]
[Round "4"]
[White "Jacobsen, Mads Holger Bang"]
[Black "Eiholt, Bjarne"]
[Result "0-1"]
[WhiteElo "1518"]
[BlackElo "1349"]
[PlyCount "20"]
[EventDate "2007.??.??"]

1. d4 d5 2. c4 e6 3. Nc3 Nf6 4. Bg5 c6 5. Nf3 Nbd7 6. e3 Qa5 7. Nd2 Bb4 8. Qc2
O-O 9. Bd3 dxc4 10. Bxf6 cxd3 0-1

[Event "K41 Efteraars EMT Basis 2 2007"]
[Site "Valby"]
[Date "2007.10.02"]
[Round "4"]
[White "Jorgensen, Rasmus"]
[Black "Gjelstrup, Ole"]
[Result "1/2-1/2"]
[WhiteElo "1548"]
[BlackElo "1321"]
[PlyCount "103"]
[EventDate "2007.??.??"]

1. Nf3 d5 2. g3 Nf6 3. Bg2 c5 4. O-O e6 5. d3 Nc6 6. Nbd2 Be7 7. c3 b6 8. Qc2
Ba6 9. Qa4 Bb7 10. c4 O-O 11. cxd5 exd5 12. d4 Qd7 13. dxc5 bxc5 14. Rd1 Qc7
15. Nb3 Nb4 16. Bf4 Bc6 17. Bxc7 Bxa4 18. Rdc1 Rac8 19. Bf4 Bb5 20. Bh3 Bd7 21.
Bxd7 Nxd7 22. a3 Nc6 23. Rc2 Rfe8 24. Rd1 c4 25. Nbd4 Nxd4 26. Nxd4 Nb6 27. Nf5
Rc6 28. e4 d4 29. Nxd4 Rcc8 30. Nf5 Bc5 31. e5 Re6 32. Rcd2 Rce8 33. Nd6 Bxd6
34. Rxd6 R6e7 35. Kg2 c3 36. bxc3 Nc4 37. Rd8 Kf8 38. Rxe8+ Kxe8 39. Bg5 Rd7
40. Rxd7 Kxd7 41. Be3 a5 42. Bc5 Nxe5 43. Bd4 Nc4 44. Bxg7 Nxa3 45. Kf3 Nc4 46.
Ke4 Kc6 47. Kd3 Kd5 48. Bd4 a4 49. Kc2 Ke4 50. Bf6 Kf3 51. Bd4 Ke4 52. Bf6
1/2-1/2

[Event "K41 Efteraars EMT Basis 2 2007"]
[Site "Valby"]
[Date "2007.10.02"]
[Round "4"]
[White "Krogh, Soren"]
[Black "Pedersen, Egmont"]
[Result "1/2-1/2"]
[WhiteElo "1152"]
[BlackElo "1243"]
[PlyCount "86"]
[EventDate "2007.??.??"]

1. c4 c5 2. Nf3 d6 3. Nc3 e6 4. d3 Nf6 5. Bg5 Nbd7 6. e4 Be7 7. Be2 b6 8. Rb1
Bb7 9. a3 O-O 10. O-O Nb8 11. Qc2 Nc6 12. b4 Nd4 13. Nxd4 cxd4 14. Nd1 e5 15.
f4 Rc8 16. fxe5 dxe5 17. Rf5 Qc7 18. Nf2 h6 19. Bd2 Bc6 20. Bf1 Bd7 21. Rf3 g5
22. h3 Kh7 23. Qc1 Nh5 24. Ng4 f5 25. exf5 Rxf5 26. Rxf5 Bxf5 27. Nh2 Nf4 28.
Bxf4 gxf4 29. Qd1 Rg8 30. Qh5 Bg6 31. Qf3 Be8 32. Ng4 Bc6 33. Qe2 Rg5 34. h4
Rf5 35. h5 Bg5 36. b5 Bb7 37. Qa2 Qd7 38. Rb4 e4 39. Ra4 Ba8 40. Qc2 e3 41. Be2
Kg7 42. Bf3 Bxf3 43. gxf3 Qe7 1/2-1/2

[Event "K41 Efteraars EMT Basis 2 2007"]
[Site "Valby"]
[Date "2007.10.02"]
[Round "4"]
[White "Lichtenberg, Ivan"]
[Black "Kristensen, Steffen Michael"]
[Result "1-0"]
[WhiteElo "1244"]
[BlackElo "1214"]
[PlyCount "55"]
[EventDate "2007.??.??"]

1. e4 c5 2. Nf3 d6 3. Nc3 Nf6 4. d4 cxd4 5. Nxd4 g6 6. f3 Bg7 7. Be3 O-O 8. Qd2
a5 9. O-O-O a4 10. Ndb5 Bd7 11. g4 Bxb5 12. Bxb5 Nc6 13. Nxa4 Nd7 14. Kb1 Na7
15. Bd3 Nc5 16. Rhf1 Nxd3 17. Qxd3 Qa5 18. Qb3 Qe5 19. Nc3 Rfb8 20. f4 Qa5 21.
Rd5 Qc7 22. Rd3 Nc6 23. Nd5 Qd8 24. h4 Qa5 25. h5 e6 26. Bb6 Qa6 27. Nc7 Nd4
28. Bxd4 1-0

[Event "K41 Efteraars EMT Basis 2 2007"]
[Site "Valby"]
[Date "2007.10.02"]
[Round "4"]
[White "Mikkelsen, Henning Peter"]
[Black "Jorgensen, Orla Eilegaard"]
[Result "0-1"]
[WhiteElo "1264"]
[BlackElo "1530"]
[PlyCount "72"]
[EventDate "2007.??.??"]

1. d4 Nf6 2. c4 d5 3. Nc3 Bf5 4. e3 e6 5. Nf3 Nbd7 6. Be2 c5 7. O-O cxd4 8.
Nxd4 Bg6 9. b3 Rc8 10. Bb2 Be7 11. Rc1 O-O 12. Qe1 Bb4 13. f3 Re8 14. Qg3 Nb6
15. a3 Bd6 16. Qe1 dxc4 17. Ncb5 Bb8 18. bxc4 a6 19. Nc3 Nxc4 20. Bxc4 Rxc4 21.
Rd1 Qd6 22. f4 Qb6 23. Qe2 Rec8 24. Rc1 Bh5 25. Nf3 Bxf4 26. Kh1 Bxe3 27. Na4
Qb3 28. Rxc4 Qxc4 29. Nc3 Qxe2 30. Nxe2 Ne4 31. Bd4 Bxd4 32. Nfxd4 Bxe2 33.
Nxe2 Rc2 34. Re1 Nc3 35. Nd4 Rd2 36. Nf3 Ra2 0-1

[Event "K41 Efteraars EMT Basis 2 2007"]
[Site "Valby"]
[Date "2007.10.09"]
[Round "5"]
[White "Eiholt, Bjarne"]
[Black "Nielsen, Soren Skovso"]
[Result "1-0"]
[WhiteElo "1349"]
[BlackElo "1579"]
[PlyCount "73"]
[EventDate "2007.??.??"]

1. d4 Nf6 2. c4 e6 3. Nc3 Bb4 4. Qc2 d5 5. cxd5 exd5 6. Bg5 Be6 7. e3 Nbd7 8.
Bd3 c5 9. Nge2 O-O 10. O-O Rc8 11. Bxh7+ Kh8 12. Bd3 a6 13. Rad1 Rc6 14. Nf4
Qe8 15. Nxe6 Qxe6 16. Bf5 Qe8 17. a3 Ba5 18. f3 g6 19. Bh3 Kg7 20. Qf2 Bd8 21.
Rde1 Be7 22. Kh1 Qd8 23. e4 cxd4 24. exd5 Rc4 25. d6 Bxd6 26. Nd5 Qa5 27. Nxf6
Nxf6 28. Qh4 Nh5 29. g4 Bf4 30. Be7 Rh8 31. gxh5 g5 32. Rg1 Qd2 33. Rxg5+ Bxg5
34. Bxg5 Rxh5 35. Bf6+ Kh6 36. Qg3 Rc1 37. Qg7# 1-0

[Event "K41 Efteraars EMT Basis 2 2007"]
[Site "Valby"]
[Date "2007.10.09"]
[Round "5"]
[White "Gjelstrup, Ole"]
[Black "Jacobsen, Mads Holger Bang"]
[Result "0-1"]
[WhiteElo "1321"]
[BlackElo "1518"]
[PlyCount "56"]
[EventDate "2007.??.??"]

1. d4 Nf6 2. f3 g6 3. e4 d6 4. Be3 Bg7 5. Bd3 O-O 6. Ne2 e5 7. d5 Nbd7 8. c4 a6
9. Nbc3 b6 10. Qd2 Nc5 11. Bc2 Rb8 12. O-O Nh5 13. g4 Nf6 14. Bg5 Qe8 15. Ng3
Nfd7 16. Bh6 Qe7 17. Bxg7 Kxg7 18. g5 f6 19. gxf6+ Nxf6 20. Kh1 Bd7 21. Qg2 Kh8
22. f4 Ng4 23. Qd2 exf4 24. Rxf4 Rxf4 25. Qxf4 Rf8 26. Nf5 gxf5 27. exf5 Qh4
28. Rf1 Bxf5 0-1

[Event "K41 Efteraars EMT Basis 2 2007"]
[Site "Valby"]
[Date "2007.10.09"]
[Round "5"]
[White "Jensen, Jan Kargaard"]
[Black "Jorgensen, Rasmus"]
[Result "0-1"]
[WhiteElo "1677"]
[BlackElo "1548"]
[PlyCount "50"]
[EventDate "2007.??.??"]

1. Nf3 Nf6 2. b3 g6 3. Bb2 Bg7 4. e3 c5 5. Be2 Nc6 6. O-O d5 7. d4 cxd4 8. Nxd4
O-O 9. Nxc6 bxc6 10. c4 Qc7 11. Nc3 dxc4 12. Bxc4 Ng4 13. g3 Ne5 14. Qe2 Bh3
15. Rfb1 Bg4 16. Qc2 Nxc4 17. bxc4 Rfd8 18. f4 Bf5 19. e4 Bd4+ 20. Kf1 Bh3+ 21.
Ke1 Qa5 22. Ke2 Qh5+ 23. Ke1 Qf3 24. Qe2 Bxc3+ 25. Bxc3 Qxc3+ 0-1

[Event "K41 Efteraars EMT Basis 2 2007"]
[Site "Valby"]
[Date "2007.10.09"]
[Round "5"]
[White "Jorgensen, Orla Eilegaard"]
[Black "Lichtenberg, Ivan"]
[Result "1-0"]
[WhiteElo "1530"]
[BlackElo "1244"]
[PlyCount "39"]
[EventDate "2007.??.??"]

1. c4 Nf6 2. Nc3 e6 3. g3 c6 4. Bg2 d5 5. cxd5 cxd5 6. d4 Be7 7. Nf3 Nc6 8. a3
O-O 9. O-O Bd7 10. Re1 a6 11. e4 dxe4 12. Nxe4 Nxe4 13. Rxe4 Rc8 14. b4 Bf6 15.
Bf4 Re8 16. Ne5 Nxe5 17. dxe5 Be7 18. Rd4 Rc7 19. Rc1 Qc8 20. Rxc7 1-0

[Event "K41 Efteraars EMT Basis 2 2007"]
[Site "Valby"]
[Date "2007.10.09"]
[Round "5"]
[White "Krogh, Soren"]
[Black "Mikkelsen, Henning Peter"]
[Result "0-1"]
[WhiteElo "1152"]
[BlackElo "1264"]
[PlyCount "56"]
[EventDate "2007.??.??"]

1. c4 f5 2. Nc3 Nf6 3. d4 e6 4. Nf3 Be7 5. Bg5 O-O 6. Qb3 d6 7. e3 Qe8 8. Bd3
Kh8 9. O-O-O a5 10. h4 a4 11. Qc2 Nc6 12. a3 Na5 13. Bxf6 Nb3+ 14. Kb1 Bxf6 15.
Nb5 Qd7 16. h5 h6 17. Nh4 Bxh4 18. Rxh4 c6 19. Nc3 b5 20. Rdh1 Qb7 21. cxb5
cxb5 22. f3 Bd7 23. Ka2 b4 24. Nb1 Nxd4 25. Qd2 Qd5+ 26. b3 Nxb3 27. Qd1 Nc1+
28. Ka1 Qa2# 0-1

[Event "K41 Efteraars EMT Basis 2 2007"]
[Site "Valby"]
[Date "2007.10.09"]
[Round "5"]
[White "Pedersen, Egmont"]
[Black "Kristensen, Steffen Michael"]
[Result "1-0"]
[WhiteElo "1243"]
[BlackElo "1214"]
[PlyCount "31"]
[EventDate "2007.??.??"]

1. Nf3 d5 2. d4 c5 3. dxc5 e6 4. e3 Bxc5 5. a3 a5 6. Nbd2 Ne7 7. c4 O-O 8. Be2
dxc4 9. Bxc4 Nf5 10. Be2 b6 11. Nb3 Qxd1+ 12. Bxd1 Nd7 13. Be2 Bb7 14. O-O Bd5
15. Nbd2 Bd6 16. e4 1-0

[Event "K41 Efteraars EMT Basis 2 2007"]
[Site "Valby"]
[Date "2007.10.23"]
[Round "6"]
[White "Jorgensen, Orla Eilegaard"]
[Black "Eiholt, Bjarne"]
[Result "0-1"]
[WhiteElo "1530"]
[BlackElo "1349"]
[PlyCount "86"]
[EventDate "2007.??.??"]

1. Nf3 d5 2. d4 Nf6 3. c4 e6 4. Nc3 c6 5. c5 Be7 6. Bg5 O-O 7. e3 Nbd7 8. Bd3
a5 9. Qc2 h6 10. Bf4 b6 11. cxb6 Nxb6 12. Ne5 Bb7 13. O-O Rc8 14. a4 c5 15. Bb5
cxd4 16. exd4 Ne4 17. Rac1 Nd6 18. Qd3 Ndc4 19. b3 Nxe5 20. Bxe5 Nd7 21. Bf4
Nf6 22. Rfe1 Bb4 23. Re3 Ne4 24. Ne2 Rxc1+ 25. Nxc1 Qc8 26. Rh3 Qc3 27. Qd1 Qa1
28. Bxh6 gxh6 29. Rxh6 Bd2 30. Qg4+ Bg5 31. g3 Qxc1+ 32. Kg2 Qd2 33. Be2 Qxd4
34. f4 Nf2 35. Qxg5+ Qg7 36. Kxf2 Qxg5 37. fxg5 Rc8 38. Rf6 Rc2 39. Rf3 Ba6 40.
Re3 d4 41. Re5 d3 42. Rxa5 Rxe2+ 43. Kf1 d2 0-1

[Event "K41 Efteraars EMT Basis 2 2007"]
[Site "Valby"]
[Date "2007.10.23"]
[Round "6"]
[White "Jorgensen, Rasmus"]
[Black "Jacobsen, Mads Holger Bang"]
[Result "1/2-1/2"]
[WhiteElo "1548"]
[BlackElo "1518"]
[PlyCount "50"]
[EventDate "2007.??.??"]

1. Nf3 c5 2. g3 Nc6 3. Bg2 e6 4. O-O Nf6 5. c4 Be7 6. Nc3 d6 7. d3 O-O 8. a3 e5
9. Rb1 a5 10. Bd2 Bd7 11. Qc2 Qc8 12. Rfd1 Nd4 13. Nxd4 exd4 14. Nd5 Nxd5 15.
Bxd5 Bc6 16. Bxc6 Qxc6 17. Re1 Rfe8 18. b4 axb4 19. axb4 b6 20. Qb3 Bf6 21.
bxc5 bxc5 22. Qb6 Qxb6 23. Rxb6 h6 24. Rxd6 Ra2 25. Bf4 Raxe2 1/2-1/2